书目信息 |
| 题名: |
红色记忆
|
|
| 作者: | 鲁林 主编 | |
| 分册: | 第十二卷 | |
| 出版信息: | 济南 济南出版社 2006.01 |
|
| 页数: | 17,1909~2084页 | |
| 开本: | 21cm | |
| 丛书名: | ||
| 单 册: | ||
| 中图分类: | D23 | |
| 科图分类: | ||
| 主题词: | 中国共产党--党史--大事记 | |
| 电子资源: | ||
| ISBN: | 7-80629-509-7 | |
| 000 | 00778nam0 2200229 450 | |
| 001 | 2660476020 | |
| 005 | 20260409164822.53 | |
| 010 | @a7-80629-509-7@dCNY29.80 | |
| 100 | @a20070311d2006 em y0chiy0110 ea | |
| 101 | 0 | @achi |
| 102 | @aCN@b370000 | |
| 105 | @aa z 000yy | |
| 200 | 1 | @a红色记忆@9Hong Se Ji Yi@h第十二卷@HDi Si Juan@f鲁林等主编@FLu Lin Deng Zhu Bian |
| 205 | @a2版 | |
| 210 | @a济南@c济南出版社@d2006.01 | |
| 215 | @a17,1909~2084页@c照片@d21cm | |
| 330 | @a本书全面详实地记述了中国共产党自诞生至现今的全过程,主要选材于已经公开出版或发表过的回忆录和具有研究性质的回忆文章,材料的编排以时间先后为序。 | |
| 606 | 0 | @a中国共产党@x党史@x大事记 |
| 690 | @aD23@v5 | |
| 701 | 0 | @a鲁林@9Lu Lin@4主编 |
| 801 | 0 | @aCN@bTSSF@c20150115 |
| 905 | @aZUCC@dD23@e135:12 | |
| 红色记忆.第十二卷/鲁林等主编.-2版.-济南:济南出版社,2006.01 |
| 17,1909~2084页:照片;21cm |
| ISBN 7-80629-509-7:CNY29.80 |
| 本书全面详实地记述了中国共产党自诞生至现今的全过程,主要选材于已经公开出版或发表过的回忆录和具有研究性质的回忆文章,材料的编排以时间先后为序。 |
| ● |
| 相关链接 |
|
|
|
|
正题名:红色记忆
索取号:D23/135:12
 
预约/预借
| 序号 | 登录号 | 条形码 | 馆藏地/架位号 | 状态 | 备注 |
| 1 | 1442485 | 214424853 | 第一样本阅览室/ [索取号:D23/135:12] | 在馆 |